000 01520nam a22003494a 4500
001 ebr10235153
003 CaPaEBR
006 m u
007 cr cn|||||||||
008 070926s2008 maua sb 001 0 eng
010 _z 2007039857
015 _aGBA863338
_2bnb
016 7 _z101317406
_2DNLM
016 7 _z014606803
_2Uk
020 _z9780262140997
040 _aCaPaEBR
_cCaPaEBR
035 _a(OCoLC)244642296
050 1 4 _aRC394.W6
_bN494 2008eb
082 0 4 _a616.85/53
_222
100 1 _aNicolson, Rod.
245 1 0 _aDyslexia, learning, and the brain
_h[electronic resource] /
_cRoderick I. Nicolson and Angela J. Fawcett.
260 _aCambridge, Mass. :
_bMIT Press,
_cc2008.
300 _axx, 283 p. :
_bill.
504 _aIncludes bibliographical references (p. [233]-265) and indexes.
505 0 _aTheoretical explanations of developmental dyslexia -- Reading and learning -- Dyslexia and automaticity -- Dyslexia and the cerebellum -- Dyslexia and development -- Dyslexia in 2006 -- Dyslexia, learning, and neural systems -- Dyslexia : looking forward.
533 _aElectronic reproduction.
_bPalo Alto, Calif. :
_cebrary,
_d2013.
_nAvailable via World Wide Web.
_nAccess may be limited to ebrary affiliated libraries.
650 0 _aDyslexia.
655 7 _aElectronic books.
_2local
700 1 _aFawcett, Angela.
710 2 _aebrary, Inc.
856 4 0 _uhttp://site.ebrary.com/lib/rucke/Doc?id=10235153
_zAn electronic book accessible through the World Wide Web; click to view
999 _c38697
_d38697